Anar al contingut

Вестник Воронежского института ФСИН России, 2015, № 2 научный журнал

Guardat en:
Dades bibliogràfiques
Format: Журнал
Accés en línia:https://znanium.com/catalog/document?id=57674
https://znanium.com/cover/0922/922727.jpg
Etiquetes: Afegir etiqueta
Sense etiquetes, Sigues el primer a etiquetar aquest registre!
LEADER 01355nam0a2200241 i 4500
001 RU\infra-m\znanium\bibl\922727
003 https://znanium.com/catalog/document?id=57674
005 20250122000000.0
100 |a 20250122d2017 m y0rusy0150 ca 
101 0 |a rus 
102 |a RU 
200 1 |a Вестник Воронежского института ФСИН России, 2015, № 2  |e научный журнал  |e Журнал 
210 1 |a Воронеж  |c Федеральное казенное образовательное учреждение высшего профессионального образования «Воронежский институт ФСИН России»  |d 2015 
215 |a 117 с. 
333 |a ВО - Магистратура 
606 |a Право. Юридические науки  |x Уголовно-исполнительное право  |2 local 
608 |a Журнал  |2 local 
675 |a 343  |z rus 
686 |a 67409  |2 rubbk 
686 |a 40.00.00  |2 okso 
801 0 |a RU  |b Общество с ограниченной ответственностью «ЗНАНИУМ»  |c 20170712  |2 rusmarc 
856 4 |a znanium.com  |m ebs_support@infra-m.ru  |n НИЦ ИНФРА-М  |u https://znanium.com/catalog/document?id=57674 
856 4 1 |a znanium.com  |d /cover/0922  |f 922727.jpg  |q image/jpeg  |u https://znanium.com/cover/0922/922727.jpg